| 000 | 00683nam a2200217 a 4500 | ||
|---|---|---|---|
| 001 | 21833 | ||
| 003 | CO-ViMGA | ||
| 008 | 141112s2004 ck r 000 u spa d | ||
| 020 | _a8466602313 | ||
| 040 |
_aCO-ViMGA _bspa _cCO-ViMGA |
||
| 082 | 0 | 4 | _a813.5 P896p |
| 100 | 1 |
_aPuzo, Mario _931146 |
|
| 245 | 1 | 0 | _aEL Padrino |
| 260 |
_aBarcelona : _bEdiciones S, _c2001 |
||
| 300 | _a477 | ||
| 590 | _aForma de adquisición : Donación fact. 8859 - - Precio : 59000 - - Proveedor : Fundación exito - - Fecha de adquisición : Julio 2007 | ||
| 650 | 1 | 4 |
_aMAFIA - NOVELA _931147 |
| 650 | 1 | 4 |
_aNOVELA ESTADOUNIDENSE - SIGLO XX _92506 |
| 650 | 1 | 4 |
_aNOVELA POLICIACA _914732 |
| 942 |
_2ddc _cBK |
||
| 999 |
_c30382 _d30382 |
||